000 00794nam a2200217Ia 4500
999 _c37750
_d37750
001 3726
003 GE_BSU
005 20190628184526.0
008 181216s2012||||ge |||||||||||||| ||ge ||
020 _a9789941923623
040 _cGE_BSU
041 _ageo
080 _a821.133.1კ–20
100 _aკამიუ, ალბერ
_93087
245 _aდაცემა :
_bრომანი /
_cალბერ კამიუ ; ფრანგ. თარგმნა ნესტან იორდანიშვილმა.
264 _aთბილისი :
_bაგორა,
_c2012.
300 _a170 გვ. ;
_b17 სმ.
653 _aრომანი
700 _a იორდანიშვილი, ნ.
_eმთარგმნელი
_93095
942 _cBK
_2udc